000 00649nam a2200193 i 4500
001 169536
003 ES-MaACL
005 20230906214124.0
008 200224s1969 sp |||| | spa d
100 0 _aAlcaide Inchausti, Angel.
_919443
245 1 0 _aAnálisis input-output /
_cAngel Alcaide.
260 _aMadrid :
_bGuadiana de Publicaciones,
_c[1969]
300 _a221 p. ;
_c18 cm.
490 1 _aColección "Biblioteca Universitaria de Economía" ;
_v13
650 4 _aAnálisis input-output.
_9169677
830 0 _aColección "Biblioteca Universitaria de Economía" ;
_v13
_9176868
852 _aES-MaACL
_jP-1352-11
999 _c169536
_d169536